00994cam a2200253 a 450000100100000000500170001000800410002702000150006804000180008308200170010110000570011824500500017526000520022530000320027750400580030965000210036765000240038865000250041291000280043704900090046595201220047495201270059699900170072300001064420250725140219.0971029s1996 ag a b 001 0 spa  a8478290079 aDO-SdBNPcDLC a523.8aA744q1 aArnau, Arturoq(Arnau Tarín, Arturo)d1958-92576910aQue hay entre las estrellas? /cArturo Arnau. aMadrid :bAddison-Wesley Iberoamericana,c1996. axi, 208 p. :bil. ;c24 cm. aIncluye referencias bibliográficas (p. [195] -198). 4aEstrellas925770 0a Cosmología91848 4aAstrofísica925771 aCatalogación derivada aBNGR 001052708MOaGRbGRcCTd2009-10-08iLF1l0o523.8 A744q p10644-10r2020-06-25w2020-06-25y2ZPréstamo interno 001053728MOaGRbGRcCTd2009-10-08iLF1l0o523.8 A744q p10644-20r2020-06-25te.2w2020-06-25y2ZPréstamo interno c10402d10402